Inseln Ozeaniens nach Umriss - Statistiken

Allgemein
  • Dieses Quiz wurde 86 mal gespielt
  • Das Durchschnittsergebnis liegt bei 13 aus 14
Antwortstatistiken
Bildquiz Antwort % Korrekt
Australien
98%
Neuseeland
96%
Papua-Neuguinea
96%
Fidschi
94%
Nauru
94%
Mikronesien
90%
Palau
90%
Tonga
90%
Kiribati
88%
Vanuatu
88%
Samoa
86%
Tuvalu
86%
Marshallinseln
84%
Salomonen
84%
Keine übereinstimmenden Quizze gefunden
Verteilung der Resultate
Anzahl Personen mit jedem Resultat
Perzentil nach korrekt beantworteten Fragen
Ihre Resultats-Entwicklung
Sie haben dieses Quiz noch nicht gespielt